000 00793nam a2200253Ia 4500
003 OSt
005 20220923214921.0
006 a|||||r|||| 00| 0
007 ta
008 220922b |||||||| |||| 00| 0 hin d
024 _a173,750
037 _cTextual
040 _aARTS
_cARTS
_bhin
041 _2hin
_ahin
082 _aO152,6M89x, H8;K9
100 _aजयशंकर प्रसाद
245 0 _aकाव्य और कला तथा अन्य निबन्ध
246 _aKāvya aur kalā tathā anya nibandha
250 _aसंस्क0 6
260 _c1969
650 _aहिन्दी साहित्य
_9156264
942 _hO152,6M89x, H8;K9
_cTEXL
_2CC
999 _c327614
_d327614